| 000 | 01151cam a22002771i 4500 | ||
|---|---|---|---|
| 003 | SA-RiAUC | ||
| 005 | 20250122141920.0 | ||
| 008 | 250121s1995 le g 00000dara c | ||
| 040 |
_aSA-RiAUC _bara _cSA-RiAUC _erda |
||
| 082 | 0 | 4 |
_a229.5 _qSA-RiAUC |
| 090 |
_a229.5 _b ب ل ن |
||
| 100 | 1 |
_aالبلنسي، محمد بن علي بن أحمد، _d724-782 هجري _eمؤلف. |
|
| 245 | 1 | 0 |
_aتحفة الصديق في براءة الصديق / _cأبي عبد الله محمد بن علي البلنسي ؛ دراسة وتحقيق حنيف بن حسن القاسمي. |
| 250 | _aالطبعة الأولى. | ||
| 264 | 1 |
_aبيروت : _bدار الغرب الإسلامي، _c1995 |
|
| 300 |
_a59 صفحة ؛ _c21 سم |
||
| 336 |
_aنص _btxt _2rdacontent _3كتاب |
||
| 337 |
_aبدون وسيط _bn _2rdamedia |
||
| 338 |
_aمجلد _bnc _2rdacarrier |
||
| 600 | 0 | 7 |
_aيوسف (عليه السلام) _2aucnm |
| 650 | 7 |
_aقصص الأنبياء _2aucsh |
|
| 700 | 1 |
_aالقاسمي، حنيف بن حسن _eمحقق. |
|
| 942 |
_2ddc _cBOOK _n0 |
||
| 949 |
_aSA-JeALM _d250121 _umohamedma123 _n1 |
||
| 999 |
_c5115 _d5115 |
||